| 000 | 00716nam a2200217 a 4500 | ||
|---|---|---|---|
| 005 | 20240223063613.0 | ||
| 008 | 991125s1998 mx 000 0 spa u | ||
| 020 | _a9684962592 | ||
| 035 | _aUPN01000151202 | ||
| 049 | _aCG | ||
| 050 | 4 |
_aF1221 H8 _bE7.3 |
|
| 100 | 1 | _aEscobar Ohmstede, Antonio | |
| 245 | 1 | 0 |
_aDe la costa a la sierra : _bLas huastecas, 1750-1900 / _cAntonio Escobar Ohmstede. |
| 260 |
_aMéxico : _bCIESAS : _bINI, _c1998. |
||
| 300 |
_a253 p. : _bil., algunas col. |
||
| 440 | 0 | _aHistoria de los pueblos indígenas de México | |
| 650 | 4 |
_aHuastecos _xHistoria _98545 |
|
| 650 | 4 |
_aTRATO A LOS INDIGENAS - _zHIDALGO _98546 |
|
| 650 | 4 |
_aTRATO A LOS INDIGENAS - _zVERACRUZ _98547 |
|
| 905 | _aLibro | ||
| 999 |
_c123341 _d123341 |
||